000 00368nam a2200133Ia 4500
008 191014s9999 xx 000 0 und d
020 _a978-81-8489-659-6
082 _a516
_bDUB
100 _aB.A. Dubrovin A.T. Fomenko
_920413
245 0 _aModern Geometry-Methods and Applications
260 _aNew York
_bSpringer-Verlag
_c1985
300 _aXv,430
942 _cBK
999 _c530995
_d530995